Countries that Start with U - Alphabetical Order - Statistics

General Stats
  • This quiz has been taken 32 times
  • The average score is 6 of 7
Answer Stats
Country % Correct
Uganda
100%
Ukraine
96%
United Kingdom
96%
United States of America
92%
United Arab Emirates
88%
Uruguay
83%
Uzbekistan
83%
No matching quizzes found
Score Distribution
Percent of People with Each Score
Percentile by Number Answered
Your Score History
You have not taken this quiz